00233nam a2200085Ia 4500008004100000100002300041245004100064260003300105260000900138170620s9999 xx 000 0 und d aDR. PARANJAPE- N-V 0aINDIAN LEGAL &CONSTITUTIONAL HISTORY bCENTRAL LAW AGENCY ALLAHABAD c2013